| 000 | 00375nam a22001457a 4500 | ||
|---|---|---|---|
| 082 |
_a624.171 _bJUN _cL-26, P-40 |
||
| 100 |
_aJunnarkar, SB _942678 |
||
| 110 |
_aUnion Book Stall Karachi _942679 |
||
| 245 | _aMechanics of Structures | ||
| 260 | _aKarachi | ||
| 300 |
_a274p.: _bill.; |
||
| 526 |
_a0 _b0 _c0 _d624_171000000000000_JUN |
||
| 650 |
_aMCE _9379 |
||
| 942 |
_2ddc _cBK |
||
| 999 |
_c546530 _d546530 |
||